Crawley Town full squad from 2023/24 - Statistics

General Stats
  • This quiz has been taken 12 times
  • The average score is 9 of 15
Answer Stats
Hint Answer % Correct
Jed Brown
73%
Adam Campbell
73%
Dion Conroy
73%
Ronan Darcy
73%
Klaidi Lolos
73%
Danilo Orsi
73%
Will Wright
73%
Kellan Gordon
64%
Liam kelly
64%
Jack Roles
64%
Corey Adai
55%
Ade Adeyemo
55%
Laurence Maguire
55%
Nicholas Tsaroulla
45%
Ben Gladwin
27%
No matching quizzes found
Score Distribution
Percent of People with Each Score
Percentile by Number Answered
Your Score History
You have not taken this quiz